Online
Catalog

El libro de David Jerusalen : (Record no. 18345)

MARC details
000 -CABECERA
campo de control de longitud fija 00638nam a2200193 a 4500
001 - NÚMERO DE CONTROL
campo de control 000018825
005 - FECHA Y HORA DE LA ÚLTIMA TRANSACCIÓN
campo de control 20200929165849.0
008 - DATOS DE LONGITUD FIJA--INFORMACIÓN GENERAL
campo de control de longitud fija 100519s1992 ag r 000 p spa d
040 ## - FUENTE DE LA CATALOGACIÓN
Centro catalogador/agencia de origen DO-SdBNP
Lengua de catalogación spa
Centro/agencia transcriptor BNPHU
082 ## - NÚMERO DE LA CLASIFICACIÓN DECIMAL DEWEY
Número de clasificación A861.44
Número de documento/Ítem B259L
100 1# - ENTRADA PRINCIPAL--NOMBRE DE PERSONA
Nombre de persona Barnatán, Marcos-Ricardo
Fechas asociadas al nombre 1946-
9 (RLIN) 23361
245 13 - MENCIÓN DE TÍTULO
Título El libro de David Jerusalen :
Resto del título y otros poemas /
Mención de responsabilidad, etc. Marcos-Ricardo Barnatán.
260 ## - PUBLICACIÓN, DISTRIBUCIÓN, ETC.
Lugar de publicación, distribución, etc. [Buenos Aires] :
Nombre del editor, distribuidor, etc. Municipal,
Fecha de publicación, distribución, etc. 1992,.
490 0# - MENCIÓN DE SERIE
Mención de serie Barcarola
586 ## - NOTA DE PREMIOS
Nota de premios Primer Premio VII Certamen Internacional de Poesía.
650 #4 - PUNTO DE ACCESO ADICIONAL DE MATERIA--TÉRMINO DE MATERIA
Término de materia o nombre geográfico como elemento de entrada Poesía argentina
9 (RLIN) 3859
650 #4 - PUNTO DE ACCESO ADICIONAL DE MATERIA--TÉRMINO DE MATERIA
Término de materia o nombre geográfico como elemento de entrada Literatura argentina
9 (RLIN) 3860
830 #0 - PUNTO DE ACCESO ADICIONAL DE SERIE-TÍTULO UNIFORME
Título uniforme Barcarola
9 (RLIN) 40583
Holdings
Estado de retiro Estado de pérdida Restricciones de uso No para préstamo Código de colección Localización permanente Ubicación/localización actual Ubicación en estantería Fecha de adquisición Número de inventario Total de préstamos Signatura topográfica completa Código de barras Fecha visto por última vez Precio válido a partir de Tipo de ítem Koha Número de copia
      Excluido de préstamo Monografías: Libros y Folletos General General Depósito 19.05.2010 LF1   A861.44 B259L 18825-10 25.06.2020 25.06.2020 No se presta  
  Extraviado   Excluido de préstamo Monografías: Libros y Folletos General General Extraviado 04.04.2017 LF1   A861.44 B259L 18825-20 25.06.2020 25.06.2020 No se presta e. 2
  Extraviado   Excluido de préstamo Monografías: Libros y Folletos General General Extraviado 04.04.2017 LF1   A861.44 B259L 18825-30 25.06.2020 25.06.2020 No se presta e. 3

Powered by Koha